| 000 | 00417nam a2200157Ia 4500 | ||
|---|---|---|---|
| 008 | 230917s9999||||xx |||||||||||||| ||und|| | ||
| 040 |
_e128799 _aMAIN |
||
| 041 | _aEnglish | ||
| 082 | _a005.713 S314T | ||
| 100 | _aSalaria, R S | ||
| 245 | 0 | _aData structures and algorithms using C: Theory, design and implementation | |
| 250 | _a3rd ed. | ||
| 260 |
_aNew Delhi _bKhanna Book |
||
| 300 | _a513 p. | ||
| 942 | _cBK | ||
| 999 |
_c146094 _d146094 |
||